Spell the Marvel Character #327 - Statistics

General Stats
  • This quiz has been taken 13 times
  • The average score is 4 of 6
Answer Stats
Picture Answer % Correct
Thor
100%
Ancient One
77%
Abigail Brand
54%
Atlas
54%
Shanna
54%
Lightspeed
46%
No matching quizzes found
Score Distribution
Percent of People with Each Score
Percentile by Number Answered
Your Score History
You have not taken this quiz